| 000 | 01492nam a2200349 c 4500 | ||
|---|---|---|---|
| 999 |
_c51244 _d51244 |
||
| 003 | BLK | ||
| 005 | 20221205085432.0 | ||
| 008 | 180408b bul|||||r ||||||| ||bul|| | ||
| 010 | _aKNG00055146000 | ||
| 040 | _aBLK | ||
| 041 |
_aBUL _cBUL |
||
| 080 |
_aБългарска литература _b821.163.2 _x-32 _z821.163.2-32 |
||
| 080 |
_aБългарска литература _b821.163.2 _x-992 _z821.163.2-992 |
||
| 100 | 1 |
_aВазов, Иван Минчов _eпърви автор _9363396 |
|
| 139 |
_aВазов, Иван Минчов _bВ 15 |
||
| 245 | 1 | 0 |
_aРазкази, пътеписи _cИван Минчов Вазов; предг. от Михаил Иванов Василев. |
| 250 | _a15. изд. | ||
| 257 | _aBGR | ||
| 260 |
_bБълг. писател _c1982 _aСофия |
||
| 300 |
_a312 с. _c20 см |
||
| 380 | _aX | ||
| 490 |
_aБиблиотека за ученика _9201322 |
||
| 500 | _a1. изд. 1960 със загл. Избрани разкази Съдържа и Вазов за някои свои разкази ; Из бълг. критика за разказите на Иван Вазов ; Речник ; Библиогр. справка. | ||
| 653 | _aразкази | ||
| 653 | _aпътеписи | ||
| 700 | 1 |
_aВасилев, Михаил Иванов _eпредг. от _9364748 |
|
| 852 |
_aЦб 111073 _bЦб |
||
| 856 | 4 |
_qpdf _i0.00 _ldisable |
|
| 856 | 4 |
_qpdf _i0.00 _ldisable |
|
| 942 |
_cKNG _n0 _01 _s1 |
||
| 944 |
_aCR _c26.08.2005 _kНаталия_Медовщикова |
||
| 944 |
_aED _c16.09.2008 |
||
| 999 | _d51244 | ||